[Event "DVM U10 2014"]
[Site "Magdeburg GER"]
[Date "2014.12.28"]
[Round "4"]
[White "Kraus, Jakob"]
[Black "Henneberg, Gregor"]
[Result "1-0"]
[Termination "normal"]
[Board "27.3"]
[WhiteElo "600"]
[BlackElo "600"]
[WhiteTeam "SK Neumarkt"]
[BlackTeam "Schachzwerge Magdeburg 3"]
[PlyCount "80"]
[EventCountry "GER"]
[EventRounds "7"]
[EventType "team-swiss"]
[EventDate "2014.12.27"]

1. e4 e5 2. Bc4 Nc6 3. Nf3 d5 4. exd5 Bg4 5. O-O Nf6 6. d4 Be7 7. dxc6 bxc6 8.
h3 Bh5 9. g4 Bg6 10. Nxe5 O-O 11. Bxf7+ Bxf7 12. Nxf7 Qe8 13. Ne5 Bd6 14. Nf3
Qe4 15. Ng5 Bf4 16. Nxe4 Nxe4 17. f3 Ng5 18. h4 Nh3+ 19. Kg2 Bxc1 20. Qxc1 Nf4+
21. Kg3 Ne2+ 22. Kf2 Nxc1 23. Rxc1 Rae8 24. Nc3 Re7 25. Re1 Rfe8 26. h5 Re2+
27. Nxe2 c5 28. dxc5 Re6 29. Nd4 Rxe1 30. Rxe1 g6 31. hxg6 hxg6 32. Re7 Kf8 33.
Rxc7 a5 34. b3 g5 35. Rc6 a4 36. bxa4 Ke8 37. Re6+ Kf8 38. Re5 Kf7 39. Rxg5 Kf6
40. Rd5 Kg6 1-0

[Event "DVM U10 2014"]
[Site "Magdeburg GER"]
[Date "2014.12.28"]
[Round "4"]
[White "Röder, Fynn"]
[Black "Burger, Radena"]
[Result "1-0"]
[Termination "normal"]
[Board "27.4"]
[WhiteElo "600"]
[BlackElo "775"]
[WhiteTeam "Schachzwerge Magdeburg 3"]
[BlackTeam "SK Neumarkt"]
[PlyCount "111"]
[BlackFideId "16217241"]
[EventCountry "GER"]
[EventRounds "7"]
[EventType "team-swiss"]
[EventDate "2014.12.27"]

1. d4 e5 2. dxe5 Bb4+ 3. c3 d5 4. cxb4 Nc6 5. b5 Nxe5 6. e4 Ng4 7. f3 Ne5 8. f4
Ng4 9. h3 Qh4+ 10. Kd2 Qf2+ 11. Kc3 d4+ 12. Kb3 Qg3+ 13. Bd3 Be6+ 14. Ka3 Nf2
15. Qe1 Qxd3+ 16. b3 Nxe4 17. Qe2 Qg3 18. Qf1 a6 19. Ne2 axb5+ 20. Kb2 Qd3 21.
Qd1 Nf2 22. Qxd3 Nxd3+ 23. Kc2 Nb4+ 24. Kd1 d3 25. Nec3 d2 26. Bxd2 Nf6 27. Re1
O-O 28. Ne4 Nfd5 29. Nec3 Ne7 30. a3 Nd3 31. Re3 Bxb3+ 32. Ke2 Nxf4+ 33. Kf3
Nfg6 34. g3 Bd5+ 35. Nxd5 Nxd5 36. Rd3 Ne5+ 37. Kg2 Nxd3 38. Kf3 Ne5+ 39. Ke4
Rad8 40. Kxe5 Rfe8+ 41. Kf5 Ne7+ 42. Kf4 Nd5+ 43. Kf3 Nb6 44. Bg5 Rd3+ 45. Kf2
Nc4 46. a4 Ne5 47. axb5 Rf3+ 48. Ke2 Rxg3 49. Bf4 Ng4+ 50. Kf1 Rf3+ 51. Kg2
Rf2+ 52. Kg3 Nh2 53. Kxf2 Nf1 54. Kxf1 Re4 55. Ra8+ Re8 56. Rxe8# 1-0

[Event "DVM U10 2014"]
[Site "Magdeburg GER"]
[Date "2014.12.28"]
[Round "5"]
[White "Brunner, Sophia"]
[Black "Weihrauch, Jakob"]
[Result "0-1"]
[Termination "normal"]
[Board "1.1"]
[WhiteElo "1429"]
[BlackElo "1602"]
[WhiteClock "00:00:08"]
[BlackClock "00:11:24"]
[WhiteTeam "Hagener SV 1"]
[BlackTeam "Hamburger SK 1"]
[PlyCount "94"]
[WhiteFideId "12960683"]
[BlackFideId "16210115"]
[EventCountry "GER"]
[EventRounds "7"]
[EventType "team-swiss"]
[EventDate "2014.12.27"]

1. e4 c5 2. c3 Nf6 3. e5 Nd5 4. d4 cxd4 5. cxd4 d6 6. h3 Nc6 7. Nf3 g6 8. Bc4
Nb6 9. Bb3 Bg7 10. Bf4 O-O 11. O-O Re8 12. Nc3 Kf8 13. Ng5 d5 14. Nxh7+ Kg8 15.
Ng5 e6 16. Qd2 a5 17. a3 a4 18. Bc2 Nc4 19. Qd3 Nxb2 20. Qd2 Qa5 21. Nf3 Nc4
22. Qd3 b5 23. Ne2 Ba6 24. Qc3 Qc7 25. Ng3 N6a5 26. Bd2 Qd7 27. Bd3 Rec8 28. h4
Nxd2 29. Qxd2 Nb3 30. Qe3 Nxa1 31. Rxa1 Kf8 32. h5 Qe8 33. Nh4 Ke7 34. Qg5+ Kd7
35. hxg6 Qe7 36. Qf4 fxg6 37. Nxg6 Qe8 38. Rb1 b4 39. Bxa6 Rxa6 40. Qg5 b3 41.
Nh5 Qf7 42. Ngf4 Bh8 43. Ng6 Rg8 44. Nhf4 Rc6 45. Nxd5 exd5 46. e6+ Qxe6 47.
Nf8+ Rxf8 0-1

[Event "DVM U10 2014"]
[Site "Magdeburg GER"]
[Date "2014.12.28"]
[Round "5"]
[White "Bölke, Roman"]
[Black "Buchloh, Adrian"]
[Result "0-1"]
[Termination "normal"]
[Board "1.2"]
[WhiteElo "1019"]
[BlackElo "1580"]
[WhiteTeam "Hamburger SK 1"]
[BlackTeam "Hagener SV 1"]
[PlyCount "128"]
[BlackFideId "12960675"]
[EventCountry "GER"]
[EventRounds "7"]
[EventType "team-swiss"]
[EventDate "2014.12.27"]

1. e4 d5 2. exd5 Qxd5 3. Nc3 Qa5 4. d4 Nf6 5. Nf3 Bg4 6. h3 Bh5 7. g4 Bg6 8.
Ne5 Nbd7 9. f4 Be4 10. Nf3 O-O-O 11. Bd3 Bxd3 12. Qxd3 e6 13. Bd2 Qb6 14. Qb5
Bd6 15. Qxb6 Nxb6 16. O-O-O c6 17. Ne2 Nfd5 18. Ne5 Bxe5 19. dxe5 Rd7 20. Ng3
Nc4 21. f5 exf5 22. gxf5 Nxe5 23. Rhe1 f6 24. Nh5 Rg8 25. Be3 Nxe3 26. Rxd7
Kxd7 27. Rxe3 Ke7 28. Ra3 g6 29. Ng3 a6 30. Rb3 Rb8 31. Kd2 Rd8+ 32. Ke2 Rd7
33. Re3 Kf7 34. Rb3 Nc4 35. fxg6+ hxg6 36. Ne4 Re7 37. Kd3 b5 38. Nc5 a5 39. a4
Re3+ 40. Kd4 Rxb3 41. Nxb3 Nxb2 42. Nxa5 bxa4 43. Nxc6 a3 44. Nb4 g5 45. c4 Ke6
46. c5 Na4 47. Kc4 f5 48. Kb3 Nxc5+ 49. Kxa3 f4 50. Nc2 Ke5 51. Kb4 Nd3+ 52.
Kc3 Nf2 53. Kd2 Nxh3 54. Ke1 g4 55. Kf1 f3 56. Ne1 Ke4 57. Ng2 fxg2+ 58. Kxg2
Kf4 59. Kh2 Kf3 60. Kh1 Kf2 61. Kh2 g3+ 62. Kh1 g2+ 63. Kh2 g1=Q+ 64. Kxh3 Qg3#
0-1

[Event "DVM U10 2014"]
[Site "Magdeburg GER"]
[Date "2014.12.28"]
[Round "5"]
[White "Scheidt, Mike Niklas"]
[Black "Fuhrmann, Philipp"]
[Result "1-0"]
[Termination "normal"]
[Board "1.3"]
[WhiteElo "1363"]
[BlackElo "756"]
[WhiteTeam "Hagener SV 1"]
[BlackTeam "Hamburger SK 1"]
[PlyCount "91"]
[WhiteFideId "12965235"]
[BlackFideId "16227557"]
[EventCountry "GER"]
[EventRounds "7"]
[EventType "team-swiss"]
[EventDate "2014.12.27"]

1. d4 d5 2. Bf4 Nc6 3. Nc3 Nf6 4. Nb5 e5 5. Bxe5 Nxe5 6. dxe5 Ng8 7. Nf3 c6 8.
Nc3 Bb4 9. e3 Bg4 10. Be2 c5 11. O-O Ne7 12. Qd3 O-O 13. Rad1 Bxc3 14. bxc3 b6
15. Ng5 Bf5 16. e4 c4 17. Qf3 Be6 18. Nxe6 fxe6 19. Qg4 Qd7 20. exd5 Nxd5 21.
Bxc4 Qc6 22. Qxe6+ Qxe6 23. Bxd5 Qxd5 24. Rxd5 Rf5 25. Re1 Rc8 26. Rd7 Rc5 27.
e6 h6 28. e7 Rce5 29. Rd8+ Kh7 30. Rxe5 Rxe5 31. e8=Q Rxe8 32. Rxe8 Kg6 33. Re7
a6 34. Re6+ Kh7 35. Rxb6 g5 36. c4 Kg7 37. c5 Kf7 38. Rd6 Ke7 39. Rd2 h5 40. c6
g4 41. c7 g3 42. c8=Q gxh2+ 43. Kxh2 h4 44. Qd7+ Kf8 45. Re2 h3 46. Re8# 1-0

[Event "DVM U10 2014"]
[Site "Magdeburg GER"]
[Date "2014.12.28"]
[Round "5"]
[White "Huo, Da"]
[Black "Lindemann, Jarno"]
[Result "1-0"]
[Termination "normal"]
[Board "1.4"]
[WhiteElo "600"]
[BlackElo "1363"]
[WhiteClock "00:36:27"]
[BlackClock "00:30:35"]
[WhiteTeam "Hamburger SK 1"]
[BlackTeam "Hagener SV 1"]
[PlyCount "87"]
[WhiteFideId "16221206"]
[BlackFideId "12977934"]
[EventCountry "GER"]
[EventRounds "7"]
[EventType "team-swiss"]
[EventDate "2014.12.27"]

1. e4 d5 2. exd5 Qxd5 3. Nc3 Qa5 4. d4 Nf6 5. Nf3 Bg4 6. h3 Bh5 7. g4 Bg6 8.
Ne5 Be4 9. f3 Bc6 10. Bd2 e6 11. Nb5 Bb4 12. Nxc7+ Qxc7 13. Bxb4 Nbd7 14. Nxc6
bxc6 15. Qd2 a5 16. Bc3 Nd5 17. Qg5 Rg8 18. Bd3 h6 19. Qd2 Nxc3 20. Qxc3 Qg3+
21. Ke2 e5 22. Qxc6 exd4 23. Qxa8+ Ke7 24. Rhg1 Qxg1 25. Rxg1 Rxa8 26. Be4 Rb8
27. b3 Nc5 28. Rd1 Nxe4 29. fxe4 Rc8 30. Kd2 Ke6 31. Rf1 f6 32. Rf5 Rc3 33.
Rxa5 Rxh3 34. b4 g6 35. b5 Rc3 36. b6 Rc6 37. Rb5 Rc8 38. a4 Kd6 39. a5 Kc6 40.
Rb4 Kc5 41. Rb3 Kc6 42. a6 Ra8 43. b7 Rb8 44. a7 1-0

[Event "DVM U10 2014"]
[Site "Magdeburg GER"]
[Date "2014.12.28"]
[Round "5"]
[White "Kazuch, Vincent"]
[Black "Nguyen, Alex Dac-Vuong"]
[Result "0-1"]
[Termination "normal"]
[Board "2.1"]
[WhiteElo "1690"]
[BlackElo "1835"]
[WhiteTeam "SV Empor Erfurt"]
[BlackTeam "BSG Grün-Weiß Leipzig 1"]
[PlyCount "48"]
[WhiteFideId "12971480"]
[BlackFideId "12984388"]
[EventCountry "GER"]
[EventRounds "7"]
[EventType "team-swiss"]
[EventDate "2014.12.27"]

1. e4 e6 2. d4 d5 3. Nc3 Nf6 4. Bg5 Be7 5. e5 Nfd7 6. h4 O-O 7. Qd2 f6 8. Bf4
c5 9. exf6 Nxf6 10. O-O-O cxd4 11. Nb5 Ne4 12. Bc7 Qd7 13. Qxd4 Nc6 14. Qxe4
dxe4 15. Rxd7 Bxd7 16. Bg3 e3 17. Nh3 exf2 18. Bxf2 a6 19. Nc3 e5 20. Bg3 Bxh3
21. gxh3 Rf3 22. Be1 Rd8 23. Ne4 Nd4 24. Ng5 Rxf1 0-1

[Event "DVM U10 2014"]
[Site "Magdeburg GER"]
[Date "2014.12.28"]
[Round "5"]
[White "Haufe, Laurin"]
[Black "Schneider, Konstantin"]
[Result "1-0"]
[Termination "normal"]
[Board "2.2"]
[WhiteElo "1476"]
[BlackElo "1216"]
[WhiteClock "00:59:16"]
[BlackClock "00:08:31"]
[WhiteTeam "BSG Grün-Weiß Leipzig 1"]
[BlackTeam "SV Empor Erfurt"]
[PlyCount "111"]
[WhiteFideId "12976504"]
[EventCountry "GER"]
[EventRounds "7"]
[EventType "team-swiss"]
[EventDate "2014.12.27"]

1. e4 e5 2. Nf3 Nc6 3. d4 exd4 4. Nxd4 Bc5 5. Be3 Qf6 6. c3 Nge7 7. Be2 b6 8.
O-O Bb7 9. Nd2 Nxd4 10. cxd4 Bxd4 11. Bxd4 Qxd4 12. Qc2 Rc8 13. Rad1 d6 14. Bf3
Qc5 15. Qa4+ b5 16. Qb3 O-O 17. Rc1 Qg5 18. Rfd1 a6 19. a4 Ng6 20. Nc4 Nh4 21.
Na5 Ba8 22. axb5 axb5 23. Kh1 Rfe8 24. Nc6 Re6 25. Na7 Rb8 26. Rxc7 Qd8 27.
Rcc1 Qb6 28. Rc8+ Rxc8 29. Nxc8 Qc7 30. Qc3 Qxc3 31. bxc3 Bxe4 32. Bxe4 Rxe4
33. Nxd6 Re5 34. Nxb5 h6 35. c4 Rc5 36. Rc1 Ng6 37. g3 Ne5 38. Na3 Kf8 39. f4
Nd3 40. Rc3 Nb2 41. Kg2 Ke7 42. Rb3 Nxc4 43. Rc3 Ra5 44. Nxc4 Rc5 45. Kf3 Ke6
46. Ke3 Kd5 47. Nb6+ Kd6 48. Rxc5 Kxc5 49. Nd7+ Kd6 50. Ne5 f6 51. Ng6 Ke6 52.
h4 Kf5 53. Ne7+ Kg4 54. Kf2 g5 55. hxg5 fxg5 56. f5 1-0

[Event "DVM U10 2014"]
[Site "Magdeburg GER"]
[Date "2014.12.28"]
[Round "5"]
[White "Rajchel, Arian"]
[Black "Hinze, Aaron"]
[Result "0-1"]
[Termination "normal"]
[Board "2.3"]
[WhiteElo "1149"]
[BlackElo "1271"]
[WhiteClock "00:46:19"]
[BlackClock "00:45:32"]
[WhiteTeam "SV Empor Erfurt"]
[BlackTeam "BSG Grün-Weiß Leipzig 1"]
[PlyCount "50"]
[BlackFideId "12990183"]
[EventCountry "GER"]
[EventRounds "7"]
[EventType "team-swiss"]
[EventDate "2014.12.27"]

1. e4 e5 2. Bc4 Nf6 3. d3 h6 4. Nf3 Nc6 5. Nc3 Bc5 6. Be3 Bb6 7. Qd2 d6 8.
O-O-O Ba5 9. Rhe1 a6 10. a3 b5 11. Bb3 Be6 12. Bd5 Bxd5 13. exd5 Nxd5 14. d4
Nxc3 15. bxc3 e4 16. Ng1 d5 17. f3 Qe7 18. Kb2 O-O 19. g4 Rab8 20. h4 b4 21.
cxb4 Nxb4 22. axb4 Bxb4 23. c3 Bxc3+ 24. Kxc3 Qb4+ 25. Kc2 Qb2# 0-1

[Event "DVM U10 2014"]
[Site "Magdeburg GER"]
[Date "2014.12.28"]
[Round "5"]
[White "Rose, Noah"]
[Black "Reuter, Elisa"]
[Result "1/2-1/2"]
[Termination "normal"]
[Board "2.4"]
[WhiteElo "1213"]
[BlackElo "1085"]
[WhiteClock "00:20:27"]
[BlackClock "00:38:44"]
[WhiteTeam "BSG Grün-Weiß Leipzig 1"]
[BlackTeam "SV Empor Erfurt"]
[PlyCount "53"]
[WhiteFideId "12990191"]
[BlackFideId "12995444"]
[EventCountry "GER"]
[EventRounds "7"]
[EventType "team-swiss"]
[EventDate "2014.12.27"]

1. e4 e5 2. Nf3 Nc6 3. Bc4 Bc5 4. c3 Nf6 5. d4 exd4 6. cxd4 Bb4+ 7. Nc3 Nxe4 8.
O-O Bxc3 9. d5 Bf6 10. Re1 Ne7 11. Rxe4 d6 12. Bg5 Bxg5 13. Nxg5 O-O 14. Qe2
Ng6 15. Nf3 Bf5 16. Re3 Qf6 17. Rb3 Rae8 18. Qd2 b6 19. Rc3 Re7 20. Bb5 Bd7 21.
Bxd7 Rxd7 22. Qc2 Qe7 23. Rc1 Rc8 24. Nd4 a6 25. Nc6 Qg5 26. Na7 Rcd8 27. Rxc7
1/2-1/2

[Event "DVM U10 2014"]
[Site "Magdeburg GER"]
[Date "2014.12.28"]
[Round "5"]
[White "Hoffmann, Simon"]
[Black "Zeuner, Ole"]
[Result "0-1"]
[Termination "normal"]
[Board "3.1"]
[WhiteElo "1344"]
[BlackElo "1484"]
[WhiteTeam "USC Magdeburg"]
[BlackTeam "Schachzwerge Magdeburg 1"]
[PlyCount "97"]
[WhiteFideId "12979686"]
[BlackFideId "12943576"]
[EventCountry "GER"]
[EventRounds "7"]
[EventType "team-swiss"]
[EventDate "2014.12.27"]

1. e4 c5 2. Nc3 Nc6 3. g3 g6 4. Bg2 Bg7 5. d3 Nf6 6. Be3 d6 7. Qd2 Ng4 8. Nf3
Nxe3 9. fxe3 O-O 10. O-O Bd7 11. Rab1 Qc8 12. Rf2 Bh3 13. Bh1 Rb8 14. Nd5 b5
15. c3 a5 16. d4 Rd8 17. Ng5 Be6 18. Nf4 Bxa2 19. Ra1 Bb3 20. Ne2 f6 21. Nf3
Ra8 22. Nc1 a4 23. Nxb3 axb3 24. Rxa8 Qxa8 25. Qd1 c4 26. Rf1 Qa2 27. Qe2 b4
28. Qxc4+ Kh8 29. Qxc6 Qxb2 30. cxb4 Qa2 31. Qc1 Bh6 32. Re1 Ra8 33. b5 b2 34.
Qc2 Qa1 35. Kf2 Ra2 36. Rb1 Ra3 37. Rxb2 Bxe3+ 38. Kg2 g5 39. b6 g4 40. Qc8+
Kg7 41. Qxg4+ Kf7 42. Rc2 Qb1 43. Rc8 Ra2+ 44. Kh3 Qf1+ 45. Kh4 Bg5+ 46. Nxg5+
fxg5+ 47. Qxg5 Rxh2+ 48. Kg4 Qh3+ 49. Kf4 0-1

[Event "DVM U10 2014"]
[Site "Magdeburg GER"]
[Date "2014.12.28"]
[Round "5"]
[White "Morgenstern, Tobias"]
[Black "Khanbekyan, Areg"]
[Result "1-0"]
[Termination "normal"]
[Board "3.2"]
[WhiteElo "1342"]
[BlackElo "1095"]
[WhiteClock "00:14:54"]
[BlackClock "00:00:09"]
[WhiteTeam "Schachzwerge Magdeburg 1"]
[BlackTeam "USC Magdeburg"]
[PlyCount "71"]
[WhiteFideId "12974390"]
[BlackFideId "12993727"]
[EventCountry "GER"]
[EventRounds "7"]
[EventType "team-swiss"]
[EventDate "2014.12.27"]

1. e4 c5 2. Nf3 d6 3. Bc4 g6 4. O-O Nc6 5. d4 cxd4 6. Nxd4 Bg7 7. Nxc6 bxc6 8.
Nc3 Nf6 9. Bf4 O-O 10. e5 dxe5 11. Qxd8 Rxd8 12. Bxe5 Bb7 13. Rad1 h5 14. Rxd8+
Rxd8 15. Rd1 Rxd1+ 16. Nxd1 c5 17. Nc3 Bc6 18. Bb8 a5 19. Ba7 Nd7 20. Nd5 Bxd5
21. Bxd5 Bxb2 22. Bc6 Ne5 23. Bb5 Bd4 24. h3 f6 25. Bb6 Nf7 26. Bxa5 Ng5 27. c3
Be5 28. Bd3 f5 29. Bb6 Bxc3 30. Bxc5 e5 31. a4 Kf7 32. Bb6 Ne6 33. Bc4 Ke7 34.
a5 Nd4 35. a6 Nc6 36. Bb5 1-0

[Event "DVM U10 2014"]
[Site "Magdeburg GER"]
[Date "2014.12.28"]
[Round "5"]
[White "Hoffmann, Siegfried"]
[Black "Eschner, Fabian"]
[Result "0-1"]
[Termination "normal"]
[Board "3.3"]
[WhiteElo "1231"]
[BlackElo "1216"]
[WhiteTeam "USC Magdeburg"]
[BlackTeam "Schachzwerge Magdeburg 1"]
[PlyCount "84"]
[WhiteFideId "16252268"]
[BlackFideId "16232860"]
[EventCountry "GER"]
[EventRounds "7"]
[EventType "team-swiss"]
[EventDate "2014.12.27"]

1. e4 e5 2. Nf3 Nc6 3. Bc4 Nf6 4. d3 Bc5 5. Nc3 O-O 6. Bg5 Be7 7. Bb5 d6 8. h3
a6 9. Bc4 b5 10. Bd5 Bb7 11. d4 Rb8 12. dxe5 dxe5 13. Bxc6 Bxc6 14. Qe2 Nd7 15.
Bxe7 Qxe7 16. Nd5 Bxd5 17. exd5 Qc5 18. c3 Qc4 19. Qxc4 bxc4 20. Rb1 f6 21. O-O
Nb6 22. Rfd1 Rfd8 23. b3 Rxd5 24. bxc4 Rxd1+ 25. Rxd1 Nxc4 26. Rd7 c6 27. Ra7
a5 28. Re7 Rb6 29. a4 Nb2 30. Ra7 Nxa4 31. c4 Nb2 32. Rxa5 Nxc4 33. Rc5 Nb2 34.
Kf1 g5 35. Ke2 Na4 36. Rc4 Ra6 37. Ke3 Kf7 38. g4 Ke6 39. Re4 Kd5 40. h4 c5 41.
hxg5 fxg5 42. Nxg5 Nc3 0-1

[Event "DVM U10 2014"]
[Site "Magdeburg GER"]
[Date "2014.12.28"]
[Round "5"]
[White "Heutling, Elina"]
[Black "Pikalow, Michael"]
[Result "1-0"]
[Termination "normal"]
[Board "3.4"]
[WhiteElo "972"]
[BlackElo "970"]
[WhiteClock "00:38:18"]
[BlackClock "00:41:30"]
[WhiteTeam "Schachzwerge Magdeburg 1"]
[BlackTeam "USC Magdeburg"]
[PlyCount "53"]
[WhiteFideId "16244729"]
[BlackFideId "16227638"]
[EventCountry "GER"]
[EventRounds "7"]
[EventType "team-swiss"]
[EventDate "2014.12.27"]

1. e4 e5 2. Nf3 Nc6 3. Bc4 Nf6 4. Ng5 d5 5. exd5 Nxd5 6. Nxf7 Kxf7 7. Qf3+ Ke6
8. Nc3 Nce7 9. Qe4 g5 10. d4 Bg7 11. Bxg5 c6 12. Bxe7 Kxe7 13. Nxd5+ cxd5 14.
Bxd5 Qc7 15. O-O-O Re8 16. f4 Bh6 17. Qxh7+ Kd6 18. dxe5+ Rxe5 19. Qxh6+ Kc5
20. fxe5 Qxe5 21. Qf8+ Kb6 22. Rhe1 Qf4+ 23. Qxf4 a6 24. Qd4+ Kc7 25. Bf3 Kb8
26. Re8 Kc7 27. Qd6# 1-0

[Event "DVM U10 2014"]
[Site "Magdeburg GER"]
[Date "2014.12.28"]
[Round "5"]
[White "Bergauz, Igal"]
[Black "Krause, Marc"]
[Result "1-0"]
[Termination "normal"]
[Board "4.1"]
[WhiteElo "1777"]
[BlackElo "1313"]
[WhiteTeam "SK München Südost"]
[BlackTeam "SC Empor Potsdam 1952"]
[PlyCount "51"]
[WhiteFideId "12977284"]
[BlackFideId "12985724"]
[EventCountry "GER"]
[EventRounds "7"]
[EventType "team-swiss"]
[EventDate "2014.12.27"]

1. e4 c5 2. Nf3 d6 3. d4 cxd4 4. Nxd4 Nf6 5. Nc3 g6 6. f3 Bg7 7. Be3 O-O 8. Qd2
Bd7 9. g4 Nc6 10. O-O-O a6 11. h4 h5 12. Be2 b5 13. Nd5 hxg4 14. Nxf6+ Bxf6 15.
h5 Nxd4 16. Bxd4 e5 17. Be3 gxf3 18. Bxf3 Be7 19. Bh6 Re8 20. hxg6 fxg6 21. Qg2
Kf7 22. Bh5 Rg8 23. Rdf1+ Bf6 24. Bg4 Bxg4 25. Qxg4 Rc8 26. Bg5 1-0

[Event "DVM U10 2014"]
[Site "Magdeburg GER"]
[Date "2014.12.28"]
[Round "5"]
[White "Cheng, Dino Liwen"]
[Black "Knape, Albert"]
[Result "0-1"]
[Termination "normal"]
[Board "4.3"]
[WhiteElo "1029"]
[BlackElo "1072"]
[WhiteTeam "SK München Südost"]
[BlackTeam "SC Empor Potsdam 1952"]
[PlyCount "120"]
[BlackFideId "16208919"]
[EventCountry "GER"]
[EventRounds "7"]
[EventType "team-swiss"]
[EventDate "2014.12.27"]

1. e4 e5 2. Nf3 Nc6 3. Bc4 Bc5 4. c3 d6 5. d4 Bb6 6. dxe5 dxe5 7. Qxd8+ Kxd8 8.
Ng5 Nh6 9. O-O f6 10. Ne6+ Bxe6 11. Bxe6 Ke7 12. Bb3 Nf7 13. Be3 Bxe3 14. fxe3
Na5 15. Ba4 Nc4 16. Rf3 Nxb2 17. Bb3 Nd3 18. Nd2 Ng5 19. Rg3 g6 20. Rd1 Nc5 21.
Bd5 c6 22. Bc4 Ncxe4 23. Nxe4 Nxe4 24. Rf3 Nxc3 25. Rd2 Ne4 26. Rb2 b5 27. Bb3
Ng5 28. Rf1 Rhd8 29. Rd1 Rd6 30. Bc2 Rxd1+ 31. Bxd1 Rd8 32. Bb3 Rd3 33. Kf2
Ne4+ 34. Ke2 Rd6 35. Bg8 h6 36. Bh7 f5 37. Rb1 Kf8 38. Ke1 Kg7 39. Bxg6 Rxg6
40. Rd1 Rf6 41. Rd7+ Rf7 42. Rd3 Kg6 43. Ke2 Kh5 44. Kf3 Kh4 45. g3+ Kh3 46.
Rd8 Kxh2 47. Rh8 Ng5+ 48. Ke2 Rf6 49. Ra8 Kxg3 50. Rxa7 h5 51. Ra3 e4 52. Rc3
h4 53. Rc1 Nf3 54. a3 h3 55. Rh1 Kg2 56. Rf1 Rd6 57. Rd1 Rxd1 58. Kxd1 h2 59.
Ke2 h1=Q 60. a4 Qe1# 0-1

[Event "DVM U10 2014"]
[Site "Magdeburg GER"]
[Date "2014.12.28"]
[Round "5"]
[White "Kamp, Adrian"]
[Black "Diderle, Konstantin"]
[Result "1/2-1/2"]
[Termination "normal"]
[Board "5.1"]
[WhiteElo "1413"]
[BlackElo "1486"]
[WhiteTeam "SK Münster 32"]
[BlackTeam "Peiner SV"]
[PlyCount "89"]
[WhiteFideId "16222466"]
[BlackFideId "12965197"]
[EventCountry "GER"]
[EventRounds "7"]
[EventType "team-swiss"]
[EventDate "2014.12.27"]

1. e4 c5 2. d4 cxd4 3. c3 d3 4. Bxd3 Nc6 5. Nf3 d6 6. O-O Nf6 7. Bf4 g6 8. e5
dxe5 9. Nxe5 Nxe5 10. Bxe5 Bg7 11. Bb5+ Bd7 12. Bxd7+ Qxd7 13. Qxd7+ Kxd7 14.
Na3 Rhd8 15. Rad1+ Ke8 16. Nb5 Kf8 17. Rd4 Rxd4 18. Nxd4 a6 19. Rd1 Ke8 20. Kf1
Rd8 21. Ke2 Nh5 22. Bxg7 Nxg7 23. g4 h5 24. h3 e6 25. f3 e5 26. Nb3 Rxd1 27.
Kxd1 Ne6 28. Kd2 Ng5 29. Ke2 Nxh3 30. Nc5 Nf4+ 31. Kf2 hxg4 32. fxg4 Ke7 33.
Kf3 f5 34. gxf5 gxf5 35. Nxb7 Nd3 36. b4 Nb2 37. Nc5 a5 38. bxa5 Nc4 39. a6 Nb6
40. a7 Kd6 41. Na4 Na8 42. c4 Kc6 43. c5 Kb7 44. Nb6 Kxa7 45. Nc4 1/2-1/2

[Event "DVM U10 2014"]
[Site "Magdeburg GER"]
[Date "2014.12.28"]
[Round "5"]
[White "Miszori, Yannick"]
[Black "Toval, David"]
[Result "1-0"]
[Termination "normal"]
[Board "5.2"]
[WhiteElo "1219"]
[BlackElo "1528"]
[WhiteTeam "Peiner SV"]
[BlackTeam "SK Münster 32"]
[PlyCount "105"]
[WhiteFideId "16214560"]
[BlackFideId "12992755"]
[EventCountry "GER"]
[EventRounds "7"]
[EventType "team-swiss"]
[EventDate "2014.12.27"]

1. Nf3 Nf6 2. c4 e6 3. d4 b6 4. Bg5 Bb7 5. Nc3 Bb4 6. Qc2 O-O 7. e3 h6 8. Bh4
d6 9. a3 Bxc3+ 10. Qxc3 Nbd7 11. Be2 Re8 12. O-O Nf8 13. h3 Ng6 14. Bg3 Ne4 15.
Qc2 Nxg3 16. fxg3 Rc8 17. Bd3 Nf8 18. Rf2 Nd7 19. Raf1 Nf6 20. g4 e5 21. g5
hxg5 22. Nxg5 Re7 23. Bh7+ Kf8 24. Bf5 Ra8 25. Nh7+ Kg8 26. Nxf6+ gxf6 27. Bh7+
Kf8 28. Rxf6 e4 29. Qf2 Qd7 30. Bg6 Ke8 31. Qh4 Kd8 32. Rxf7 c6 33. Rxe7 Qxe7
34. Qxe7+ Kxe7 35. Rf7+ Ke6 36. Rxb7 d5 37. Kh2 Rf8 38. cxd5+ cxd5 39. Rf7 Rxf7
40. Bxf7+ Kxf7 41. g4 Kg7 42. Kg3 Kh7 43. Kf4 Kg8 44. g5 Kg7 45. h4 b5 46. h5
a5 47. Kf5 b4 48. h6+ Kh7 49. Ke5 b3 50. Kxd5 a4 51. Kxe4 Kg6 52. d5 Kf7 53. h7
1-0

[Event "DVM U10 2014"]
[Site "Magdeburg GER"]
[Date "2014.12.28"]
[Round "5"]
[White "Schröder, Lennart"]
[Black "Heuer, Adrian"]
[Result "1-0"]
[Termination "normal"]
[Board "5.3"]
[WhiteElo "1188"]
[BlackElo "1024"]
[WhiteTeam "SK Münster 32"]
[BlackTeam "Peiner SV"]
[PlyCount "45"]
[WhiteFideId "16222490"]
[EventCountry "GER"]
[EventRounds "7"]
[EventType "team-swiss"]
[EventDate "2014.12.27"]

1. d4 g6 2. e4 Bg7 3. c3 d6 4. Nf3 Bg4 5. Bc4 e5 6. Bxf7+ Kxf7 7. Ng5+ Ke8 8.
Qxg4 Bh6 9. Qe6+ Ne7 10. Nf7 Qd7 11. Qxd7+ Kxd7 12. Nxh6 d5 13. Nf7 Rf8 14.
Nxe5+ Kc8 15. exd5 Nbc6 16. dxc6 Rf6 17. cxb7+ Kxb7 18. Bg5 Rf5 19. Bxe7 g5 20.
Nd2 g4 21. Ndc4 g3 22. hxg3 Rxe5+ 23. Nxe5 1-0

[Event "DVM U10 2014"]
[Site "Magdeburg GER"]
[Date "2014.12.28"]
[Round "5"]
[White "Post, Patrick"]
[Black "Van Lindt, Raffael"]
[Result "0-1"]
[Termination "normal"]
[Board "5.4"]
[WhiteElo "835"]
[BlackElo "1061"]
[WhiteTeam "Peiner SV"]
[BlackTeam "SK Münster 32"]
[PlyCount "38"]
[BlackFideId "12998834"]
[EventCountry "GER"]
[EventRounds "7"]
[EventType "team-swiss"]
[EventDate "2014.12.27"]

1. e4 e5 2. Nf3 Nc6 3. Nc3 Bc5 4. Bc4 Nf6 5. O-O d6 6. Ng5 O-O 7. a3 Ng4 8. Nh3
Qh4 9. b4 Bd4 10. Bb2 Nf6 11. d3 Bxh3 12. gxh3 Qxh3 13. Na4 Bxb2 14. Nxb2 Ng4
15. Qxg4 Qxg4+ 16. Kh1 Nd4 17. c3 Nf3 18. Bd5 Qh3 19. Bxf7+ Rxf7 0-1

[Event "DVM U10 2014"]
[Site "Magdeburg GER"]
[Date "2014.12.28"]
[Round "5"]
[White "Kittelmann, Anton"]
[Black "Hommel, Niclas"]
[Result "0-1"]
[Termination "normal"]
[Board "6.1"]
[WhiteElo "1017"]
[BlackElo "1552"]
[WhiteTeam "SG Blau-Weiß Stadtilm 1"]
[BlackTeam "Schachunion Berlin 1"]
[PlyCount "42"]
[BlackFideId "12974927"]
[EventCountry "GER"]
[EventRounds "7"]
[EventType "team-swiss"]
[EventDate "2014.12.27"]

1. e4 e5 2. Nf3 Nc6 3. Bc4 Bc5 4. d3 Nf6 5. Be3 Bb6 6. Nc3 h6 7. Qd2 d6 8.
O-O-O Bd7 9. h3 Qe7 10. d4 exd4 11. Nxd4 O-O-O 12. Nxc6 Bxc6 13. f3 d5 14. Bxb6
dxc4 15. Qe2 axb6 16. Qxc4 Rxd1+ 17. Rxd1 Rd8 18. Re1 Qd7 19. e5 Qd2+ 20. Kb1
Qxe1+ 21. Nd1 Rxd1# 0-1